00426cam a2200169ua 4500001000500000005001700005008003900022040000900061082001300070100004400083245004100127250000900168260003500177300001700212653001900229653000800248308720260515113630.0110928n ii |||gr||||Z||||||asm cMAIN a891.45131 aBhattacharjya, Birendra Kumar,eAuthor.11aAaicby Birendra Kumar Bhattacharjya a4th. aGuahati:bLBS publication,984. a112p:c23cm. aAssamese novel aAai